Normal view
MARC view
- قصص مترجمة - إنتقام فوستا
Entry Topical Term
001 - CONTROL NUMBER
- control field: 16509
003 - CONTROL NUMBER IDENTIFIER
- control field: JO-AjAnu
005 - DATE AND TIME OF LATEST TRANSACTION
- control field: 20230606072931.0
008 - FIXED-LENGTH DATA ELEMENTS
- fixed length control field: 230606|| aca||aabn | a|a d
040 ## - CATALOGING SOURCE
- Original cataloging agency: JO-AjAnu
- Transcribing agency: JO-AjAnu
150 ## - HEADING--TOPICAL TERM
- Topical term or geographic name entry element: قصص مترجمة - إنتقام فوستا
670 ## - SOURCE DATA FOUND
- Source citation: Work cat.: (JO-AjAnu)8478: تأليف زيفاكو،ميشال, author 16508, إنتقام فوستا